| 000 | 00926nam a22002415i 4500 | ||
|---|---|---|---|
| 001 | 173203 | ||
| 003 | ES-MaACL | ||
| 005 | 20240417183535.0 | ||
| 008 | 091117s2008 sp |||| | spa d | ||
| 080 | _a94(100)"1939/45" | ||
| 100 | 0 |
_aEisenhower, Dwight D. _946858 |
|
| 245 | 1 | 3 |
_aOrdenes para el Día-D / _cDwight D. Eisenhower ; prólogo de Michael Alpert. |
| 260 |
_a[Barcelona] : _bCentro Editor PDA, _c[2008] |
||
| 300 |
_a64 p. : _bil. ; _c22 cm. |
||
| 490 | 1 |
_aLas voces de la democracia, así hablan los grandes políticos ; _v10 |
|
| 490 | 1 | _aBiblioteca El mundo | |
| 650 | 0 | 4 |
_aGuerra mundial, 1939-1945- _xCampañas- _zNormandía. _913233 |
| 700 | 0 |
_aAlpert, Michael, _d1936- _920462 |
|
| 830 | 0 |
_aLas voces de la democracia, así hablan los grandes políticos ; _v10 _9189188 |
|
| 830 | 0 |
_aBiblioteca El Mundo _9189189 |
|
| 852 |
_aES-MaACL _j2254-F-5 _9R.145430 |
||
| 999 |
_c173203 _d173203 |
||